| 000 | 00695nam a2200301Ia 4500 | ||
|---|---|---|---|
| 008 | 160321s9999||||xx |||||||||||||| ||und|| | ||
| 040 | _cEnglish | ||
| 082 | _aviii.A/Gargacharya | ||
| 082 | _bBORI-86974 | ||
| 100 | _aSage gargacharya | ||
| 245 | _aGarga hora | ||
| 250 | _b1st | ||
| 260 | _aNew Delhi | ||
| 260 | _bRanjan publications | ||
| 260 | _c1983 | ||
| 300 | _a175 | ||
| 300 | _cB | ||
| 300 | _eHardbound | ||
| 530 | _u00072752.pdf | ||
| 563 | _aStudy | ||
| 600 | _aSage gargacharya | ||
| 630 | _aGarga hora | ||
| 650 | _a"Astronomy,Astrology,Maths" | ||
| 650 | _aTechnical science | ||
| 700 | _aSage gargacharya | ||
| 730 | _aGarga hora | ||
| 942 | _cBOOK | ||
| 999 |
_c1371342 _d1371339 |
||